[Event "TOP 12 Fem - Cannes/Naujac"]
[Site "Sartrouville"]
[Date "2011.02.11"]
[Round "1.1"]
[White "Lahno, Kateryna"]
[Black "Armas, Lara-Maria"]
[Result "0-1"]
[WhiteElo "2518"]
[BlackElo "1965"]
[PlyCount "65"]
[EventDate "2011.??.??"]

1. e4 c5 2. Nf3 d6 3. d4 cxd4 4. Nxd4 Nf6 5. Nc3 a6 6. Be2 e5 7. Nb3 Be7 8. O-O
O-O 9. Re1 Be6 10. Bf3 Nbd7 11. a4 b6 12. Nd2 Qc7 13. Nf1 Rfc8 14. Ne3 Rab8 15.
Qe2 Bf8 16. Qxa6 Nc5 17. Qe2 Ra8 18. Bd2 Qc6 19. b3 Nfxe4 20. Nxe4 Nxe4 21. c4
Kh8 22. Qd3 Nc5 23. Bxc6 Nxd3 24. Bxa8 Rxa8 25. Reb1 f5 26. Nd5 Rb8 27. b4 b5
28. a5 Bxd5 29. cxd5 Ra8 30. a6 Be7 31. a7 Bd8 32. Ra6 Be7 33. Rb6 0-1

[Event "TOP 12 Fem -Naujac//Cannes"]
[Site "Sartrouville"]
[Date "2011.02.11"]
[Round "1.2"]
[White "Zickelbein, Eva-Maria"]
[Black "Leconte, Maria"]
[Result "0-1"]
[WhiteElo "2056"]
[BlackElo "2310"]
[PlyCount "64"]
[EventDate "2011.??.??"]

1. e4 e6 2. d3 d5 3. Nd2 Nf6 4. g3 b6 5. Bg2 Bb7 6. e5 Nfd7 7. Ngf3 c5 8. O-O
Nc6 9. Re1 g5 10. c3 g4 11. Nh4 h5 12. f4 Be7 13. Nf1 Bxh4 14. gxh4 Qxh4 15.
Be3 O-O-O 16. b4 Qe7 17. bxc5 Nxc5 18. Bf2 h4 19. Ne3 g3 20. hxg3 hxg3 21. Bxg3
Rdg8 22. Kf2 d4 23. Nf1 Qd8 24. c4 f6 25. a4 fxe5 26. fxe5 Rg7 27. Re2 Rhg8 28.
Ke1 Rxg3 29. Nxg3 Rxg3 30. Ra3 Nb4 31. Bxb7+ Kxb7 32. Kd2 Qg5+ 0-1

[Event "TOP 12 Fem - Cannes/Naujac"]
[Site "Sartrouville"]
[Date "2011.02.11"]
[Round "1.3"]
[White "Bensdorp, Marlies"]
[Black "Wohlers-Armas, Friederike"]
[Result "1-0"]
[WhiteElo "2269"]
[BlackElo "2000"]
[PlyCount "199"]
[EventDate "2011.??.??"]

1. d4 b5 2. Nf3 Bb7 3. Nbd2 Nf6 4. g3 e6 5. Bg2 c5 6. c3 Nc6 7. O-O Rc8 8. dxc5
Bxc5 9. e4 Qc7 10. Qe2 a6 11. Nb3 Ba7 12. Bf4 e5 13. Bg5 Ne7 14. Bxf6 gxf6 15.
Rfd1 Qc4 16. Qd2 Qc7 17. Nh4 Rd8 18. Qd6 Qxd6 19. Rxd6 Ng8 20. Rad1 Bc8 21. Nf5
Bb8 22. R6d2 d5 23. Ne3 Ne7 24. Nxd5 Nxd5 25. exd5 Ke7 26. Na5 Bd7 27. d6+ Kf8
28. Bb7 Ba7 29. b4 Bb6 30. Nb3 Rb8 31. Bxa6 Ra8 32. Bb7 Ra7 33. Bd5 Kg7 34. Rc1
Rc8 35. c4 bxc4 36. Rxc4 Rxc4 37. Bxc4 Ra4 38. Bd5 Rxb4 39. Rc2 Kf8 40. Kg2 Ke8
41. f3 Ra4 42. Kf1 Bb5+ 43. Ke1 Bd7 44. Kd1 Bd8 45. Nc5 Ra5 46. Bb3 Bc6 47. Ke2
Bb5+ 48. Kd2 Bc6 49. Ke2 Bb5+ 50. Kd1 Bc6 51. Ne4 Kd7 52. Bxf7 Bxe4 53. fxe4
Kxd6 54. Rd2+ Ke7 55. Bb3 Rb5 56. Ke2 Ba5 57. Rc2 Rb7 58. Rc6 Rd7 59. Re6+ Kd8
60. Bd5 f5 61. Rxe5 fxe4 62. Bxe4 Rd2+ 63. Ke3 Rxa2 64. Rh5 Bb6+ 65. Kf4 Bg1
66. h4 Bh2 67. Rxh7 Ra3 68. h5 Bxg3+ 69. Kf5 Ra5+ 70. Kg4 Be5 71. Rf7 Ra6 72.
Bg6 Bb2 73. Rb7 Bc1 74. Kf5 Rc6 75. Ke5 Ra6 76. Rh7 Ra5+ 77. Kd6 Bf4+ 78. Ke6
Ra1 79. Rh8+ Kc7 80. h6 Bxh6 81. Rxh6 Kc6 82. Be4+ Kc5 83. Ke5 Re1 84. Rc6+ Kb5
85. Rc2 Kb4 86. Kd4 Kb3 87. Rc8 Rg1 88. Rb8+ Ka4 89. Bc2+ Ka5 90. Bb3 Ka6 91.
Bd5 Rd1+ 92. Kc5 Rc1+ 93. Bc4+ Ka7 94. Rb4 Rg1 95. Bd5 Rc1+ 96. Kd6 Rg1 97. Bc6
Rg5 98. Kc7 Ra5 99. Rb7+ Ka6 100. Rb8 1-0

[Event "TOP 12 Fem - Naujac/Cannes"]
[Site "Sartrouville"]
[Date "2011.02.11"]
[Round "1.4"]
[White "Armas, Lena"]
[Black "Verot, Melanie"]
[Result "1-0"]
[WhiteElo "1857"]
[BlackElo "2117"]
[PlyCount "45"]
[EventDate "2011.??.??"]

1. e4 c5 2. Nc3 a6 3. g4 b5 4. Bg2 Bb7 5. d3 e6 6. Nf3 h6 7. O-O Ne7 8. Re1 d5
9. exd5 Nxd5 10. Ne4 Nd7 11. h3 Be7 12. g5 hxg5 13. Nfxg5 N7f6 14. Nxf7 Kxf7
15. Ng5+ Kg8 16. c4 Nb4 17. Bxb7 Rb8 18. Bg2 Nxd3 19. Rxe6 bxc4 20. Qc2 Rh4 21.
Qe2 Bf8 22. Rxa6 Bd6 23. Qe6+ 1-0

[Event "TOP 12 Fem - Guingamp/Mulhouse"]
[Site "Sartrouville"]
[Date "2011.02.11"]
[Round "1.1"]
[White "Le Dourion, Aurelie"]
[Black "Choisy, Mathilde"]
[Result "0-1"]
[WhiteElo "1992"]
[BlackElo "2188"]
[PlyCount "74"]
[EventDate "2011.??.??"]

1. d4 d6 2. e4 Nf6 3. Nc3 e5 4. Bg5 Be7 5. Qd2 h6 6. Be3 Ng4 7. O-O-O Nxe3 8.
fxe3 exd4 9. Qxd4 Bf6 10. Qd2 O-O 11. Nd5 Be5 12. Nf3 Nd7 13. Bc4 c6 14. Nc3
Qe7 15. Rhf1 b5 16. Bb3 a5 17. a4 b4 18. Ne2 Nf6 19. Ned4 Nxe4 20. Qe1 Bd7 21.
Nxe5 Qxe5 22. Nf3 Qe7 23. Bc4 d5 24. Bd3 c5 25. Bxe4 dxe4 26. Nh4 Bxa4 27. Nf5
Qe5 28. Qh4 Bb5 29. Rf4 a4 30. Rd6 f6 31. Qg3 Ra7 32. Nxh6+ Kh7 33. Nf5 Kg8 34.
Qg6 a3 35. Nh6+ Kh8 36. Rh4 axb2+ 37. Kd1 b1=Q+ 0-1

[Event "TOP 12 Fem - Mulhouse/Guingamp"]
[Site "Sartrouville"]
[Date "2011.02.11"]
[Round "1.2"]
[White "Neuhauser, S (Mulhouse)"]
[Black "Le Bail, A (Guingamp)"]
[Result "1-0"]
[WhiteElo "2066"]
[BlackElo "1879"]
[PlyCount "52"]
[EventDate "2011.??.??"]

1. e4 e6 2. d3 c5 3. g3 Nc6 4. Bg2 d6 5. f4 g6 6. Nf3 e5 7. O-O Bg7 8. fxe5
dxe5 9. Be3 Qb6 10. Nc3 Nd4 11. Nd5 Qd6 12. c3 Nxf3+ 13. Qxf3 Be6 14. d4 exd4
15. cxd4 Bxd4 16. Bxd4 cxd4 17. Rac1 Bxd5 18. exd5 Nh6 19. Rfe1+ Kd8 20. Re6
fxe6 21. Qf6+ Ke8 22. Qxh8+ Qf8 23. Qxd4 Rd8 24. Rc7 Qd6 25. Qh8+ Qf8 26. Qxh7
Ng8 1-0

[Event "TOP 12 Fem - Guingamp/Mulhouse"]
[Site "Sartrouville"]
[Date "2011.02.11"]
[Round "1.3"]
[White "Josse, Mathilde"]
[Black "Richard, Emma"]
[Result "0-1"]
[WhiteElo "1694"]
[BlackElo "2071"]
[PlyCount "74"]
[EventDate "2011.??.??"]

1. e4 c5 2. Nf3 Nc6 3. Bb5 d6 4. Bxc6+ bxc6 5. d3 e5 6. O-O Nf6 7. Nc3 Be7 8.
h3 O-O 9. Bg5 h6 10. Bh4 Nh5 11. Bg3 Nxg3 12. fxg3 Bf6 13. Qe2 Re8 14. Nh2 Qb6
15. b3 c4+ 16. Kh1 Qd4 17. Qe1 cxd3 18. Nf3 Qb6 19. cxd3 Ba6 20. Qd2 Rad8 21.
Rfd1 d5 22. Qc2 Qc5 23. Rac1 Qe3 24. Qd2 Qxd2 25. Rxd2 dxe4 26. Nxe4 Bxd3 27.
Nxf6+ gxf6 28. Rxc6 e4 29. Ne1 Bb1 30. Re2 Rd1 31. a3 Kg7 32. Kh2 Re5 33. Nc2
Rd3 34. Ne3 Rxb3 35. Ng4 Rf5 36. Re3 Rb2 37. Rc7 h5 0-1

[Event "TOP 12 Fem - Mulhouse/Guingamp"]
[Site "Sartrouville"]
[Date "2011.02.11"]
[Round "1.4"]
[White "Haussernot, C (Mulhouse)"]
[Black "Le Bihan, A (Guingamp)"]
[Result "1-0"]
[WhiteElo "1987"]
[BlackElo "1600"]
[PlyCount "63"]
[EventDate "2011.??.??"]

1. e4 c5 2. Nc3 g6 3. g3 Nc6 4. Bg2 Bg7 5. d3 Nf6 6. f4 d6 7. Nf3 O-O 8. O-O
Qc7 9. h3 a6 10. Be3 b5 11. g4 h5 12. g5 Nd7 13. f5 Nde5 14. Nxe5 Nxe5 15. Nd5
Qd8 16. f6 exf6 17. gxf6 Bh8 18. c3 Bb7 19. d4 cxd4 20. cxd4 Bxd5 21. exd5 Nd7
22. Bg5 Bxf6 23. Rxf6 Nxf6 24. Qf3 Re8 25. Bxf6 Qb6 26. Rf1 Rac8 27. Qf4 Kh7
28. Be4 Qc7 29. Qh4 Kg8 30. Qg5 Kh7 31. Qxh5+ Kg8 32. Qh8# 1-0

[Event "TOP 12 Fem - JEEN/Montpellier"]
[Site "?"]
[Date "2011.02.11"]
[Round "1.1"]
[White "Gatine, Aurelia"]
[Black "Hamdouchi, Adina"]
[Result "0-1"]
[WhiteElo "1983"]
[BlackElo "2293"]
[PlyCount "64"]
[EventDate "2011.??.??"]

1. e4 g6 2. d4 Bg7 3. Nf3 d6 4. Bd3 Nd7 5. O-O e5 6. c3 Ngf6 7. Bg5 h6 8. Bh4
O-O 9. Nbd2 Re8 10. Bg3 Nh5 11. Bc2 b6 12. d5 a5 13. Nh4 Nf4 14. Bxf4 exf4 15.
g3 Nf6 16. f3 fxg3 17. hxg3 Nh5 18. Qe1 Qg5 19. f4 Qxg3+ 20. Qxg3 Nxg3 21. Rf3
Nh5 22. Raf1 Bg4 23. Re3 Nf6 24. Rg3 h5 25. Nhf3 Bh6 26. Nh2 Bd7 27. c4 h4 28.
Re3 b5 29. Kg2 a4 30. b3 bxc4 31. bxc4 Rab8 32. Re2 Rb2 0-1

[Event "TOP 12 Fem -Montpellier/JEEN"]
[Site "?"]
[Date "2011.02.11"]
[Round "1.2"]
[White "Safranska, Anda"]
[Black "Chauvin, Stéphanie"]
[Result "1-0"]
[WhiteElo "2241"]
[BlackElo "1892"]
[PlyCount "105"]
[EventDate "2011.??.??"]
[SourceDate "2011.02.11"]

1. Nf3 Nf6 2. g3 d5 3. Bg2 Nc6 4. c4 e6 5. b3 Be7 6. Bb2 O-O 7. O-O Re8 8. d3
Bf8 9. Nbd2 d4 10. Ne1 Ne7 11. b4 Ng6 12. a3 h5 13. e4 e5 14. Ndf3 Bd7 15. Bc1
Qc8 16. Ng5 Be7 17. Qe2 Bg4 18. f3 Bd7 19. f4 Bg4 20. Qf2 Bd7 21. f5 Nf8 22. h3
Qd8 23. Ngf3 c5 24. Nxe5 cxb4 25. N5f3 bxa3 26. Bxa3 Bc6 27. Nxd4 Bxa3 28. Rxa3
Qd6 29. Nec2 a6 30. Rfa1 N8d7 31. Nxc6 bxc6 32. Bf1 c5 33. Ra5 Rec8 34. Ne3 Ne5
35. Nd5 Nfd7 36. Be2 Rcb8 37. Qf4 Rb2 38. Bxh5 Qb8 39. R5a3 Rb1+ 40. Rxb1 Qxb1+
41. Qf1 Qb2 42. Qa1 Qb7 43. Bd1 Qb8 44. Kg2 Qb7 45. Rb3 Qa7 46. Qb1 Rb8 47. Kf2
Kf8 48. Ke3 Rxb3 49. Qxb3 a5 50. Qb5 Kg8 51. Ba4 Kf8 52. g4 f6 53. Nf4 1-0

[Event "TOP 12 Fem - JEEN/Montpellier"]
[Site "?"]
[Date "2011.02.11"]
[Round "1.3"]
[White "Blangez, Claire"]
[Black "Frisk, Ellinor"]
[Result "0-1"]
[WhiteElo "1680"]
[BlackElo "2130"]
[PlyCount "50"]
[EventDate "2011.02.11"]
[SourceDate "2011.02.11"]

1. e4 c5 2. Nf3 e6 3. c3 d5 4. exd5 Qxd5 5. d4 Nc6 6. Be3 cxd4 7. Nxd4 Nxd4 8.
Qxd4 Nf6 9. Qxd5 Nxd5 10. Bb5+ Bd7 11. Bxd7+ Kxd7 12. Bd4 f6 13. O-O e5 14. Be3
Nxe3 15. fxe3 Bc5 16. Re1 Ke6 17. Nd2 Rhd8 18. Nb3 Bb6 19. Kf2 a5 20. a4 Rac8
21. Red1 Rxd1 22. Rxd1 Rc4 23. Ra1 Rf4+ 24. Kg3 Bxe3 25. Nxa5 Bf2+ 0-1

[Event "TOP 12 Fem - Montpellier/JEEN"]
[Site "?"]
[Date "2011.02.11"]
[Round "1.4"]
[White "Franc, Nathalie"]
[Black "Onkoud, Houda"]
[Result "1-0"]
[WhiteElo "2005"]
[BlackElo "1320"]
[PlyCount "95"]
[EventDate "2011.02.11"]
[SourceDate "2011.02.11"]

1. e4 c5 2. Nf3 Nc6 3. d4 cxd4 4. Nxd4 Nxd4 5. Qxd4 e6 6. Nc3 d6 7. Be2 Be7 8.
Qxg7 Bf6 9. Qg3 Bd7 10. Qxd6 Be7 11. Qd4 Bf6 12. e5 Be7 13. O-O Qc7 14. Be3 Bc5
15. Qxc5 Qxc5 16. Bxc5 O-O-O 17. Bd6 Bc6 18. Nb5 Nh6 19. Nxa7+ Kd7 20. Nxc6
Kxc6 21. a4 Rhg8 22. Bb5+ Kb6 23. c4 Rg7 24. a5+ Ka7 25. a6 Rdg8 26. g3 Nf5 27.
axb7+ Kxb7 28. Ra3 Nxd6 29. exd6 Kc8 30. Ra8+ Kb7 31. Rxg8 Rxg8 32. d7 Rd8 33.
Rd1 Kc7 34. Rd4 e5 35. Rg4 f6 36. Rg7 h6 37. Rf7 e4 38. Rxf6 h5 39. Re6 e3 40.
Rxe3 h4 41. Re8 h3 42. Rxd8 Kxd8 43. g4 Ke7 44. g5 Kd8 45. g6 Ke7 46. g7 Kd8
47. g8=Q+ Ke7 48. d8=Q# 1-0

[Event "TOP 12 Fem - Naujac/Montpellier"]
[Site "SARTROUVILLE"]
[Date "2011.02.12"]
[Round "2.1"]
[White "Armas, Friederike"]
[Black "Hamdouchi, Adina"]
[Result "1-0"]
[WhiteElo "2000"]
[BlackElo "2293"]
[PlyCount "147"]
[EventDate "2011.??.??"]

1. d4 g6 2. c4 Bg7 3. Nc3 Nf6 4. e4 d6 5. f3 O-O 6. Be3 e5 7. d5 Nh5 8. Qd2 f5
9. O-O-O Nd7 10. exf5 gxf5 11. Bh6 a6 12. Bxg7 Nxg7 13. g4 fxg4 14. fxg4 Rf4
15. h3 Rd4 16. Qe3 Qf6 17. Nf3 Rxd1+ 18. Kxd1 Nf8 19. Ne4 Qe7 20. Qg5 Qxg5 21.
Nfxg5 Ne8 22. Ng3 Nf6 23. Rh2 Ng6 24. Rc2 Nf4 25. Ne2 Ng6 26. Bg2 Bd7 27. Ne4
Nxe4 28. Bxe4 b6 29. Bxg6 hxg6 30. Rc3 Rf8 31. Ke1 Kg7 32. Ng1 Rf4 33. Ne2 Rf7
34. Ng1 Kh6 35. Rf3 Re7 36. Kf2 b5 37. b3 bxc4 38. bxc4 a5 39. Kg3 Kg7 40. Rb3
Rf7 41. Nf3 c6 42. Ng5 Re7 43. Rb7 Kf8 44. Ne4 cxd5 45. cxd5 a4 46. Nxd6 e4 47.
Nxe4 Rxe4 48. Rxd7 g5 49. Ra7 Re3+ 50. Kf2 Ra3 51. d6 Ke8 52. Ra5 Rxa2+ 53. Kf3
Ra3+ 54. Ke4 Kd7 55. Kf5 Rxh3 56. Rxa4 Kxd6 57. Re4 Rh8 58. Kxg5 Rg8+ 59. Kf6
Rf8+ 60. Kg7 Kd5 61. Re1 Ra8 62. g5 Ra7+ 63. Kf6 Ra6+ 64. Kf5 Ra2 65. Rd1+ Kc6
66. Kf6 Rf2+ 67. Kg7 Kc7 68. g6 Rg2 69. Kf7 Rf2+ 70. Kg8 Ra2 71. g7 Rf2 72. Rg1
Kd7 73. Kh7 Rf7 74. Kh8 1-0

[Event "TOP 12 Fem - Montpellier/Naujac"]
[Site "SARTROUVILLE"]
[Date "12.02.12"]
[Round "2.2"]
[White "Piquemal, Christiane"]
[Black "Zickelbein, Eva-Maria"]
[Result "0-1"]
[WhiteElo "2053"]
[BlackElo "2056"]
[PlyCount "74"]
[EventDate "12.??.??"]
[WhiteTeam "Montpellier"]
[BlackTeam "Naujac"]

1. d4 d6 2. c4 e5 3. d5 f5 4. Nc3 Nf6 5. Bg5 Be7 6. g3 Nxd5 7. Bd2 Nf6 8. Bg2
O-O 9. Qb3 c6 10. e4 fxe4 11. Nxe4 Nxe4 12. Bxe4 Nd7 13. Qc2 Nf6 14. Bg2 Qe8
15. Ne2 Qh5 16. Qb3 Ng4 17. f3 Nf6 18. O-O-O a5 19. Nc3 Kh8 20. Be3 Qf7 21. Bf1
b5 22. cxb5 Be6 23. Qa4 cxb5 24. Bxb5 d5 25. f4 d4 26. fxe5 dxc3 27. exf6 cxb2+
28. Kxb2 Bxf6+ 29. Bd4 Rab8 30. Kc1 Rbc8+ 31. Bc6 Bg5+ 32. Kc2 Rxc6+ 33. Qxc6
Rc8 34. Qxc8+ Bxc8 35. Rhf1 Qxa2+ 36. Bb2 Qa4+ 37. Kd3 Ba6+ 0-1

[Event "TOP 12 Fem - Naujac/Montpellier"]
[Site "SARTROUVILLE"]
[Date "12.02.12"]
[Round "2.3"]
[White "Armas, Lara-Maria"]
[Black "Frisk, Ellinor"]
[Result "0-1"]
[WhiteElo "1985"]
[BlackElo "2131"]
[PlyCount "156"]
[EventDate "12.??.??"]
[WhiteTeam "Naujac"]
[BlackTeam "Montpellier"]

1. d4 d5 2. c4 c6 3. Nc3 Nf6 4. cxd5 cxd5 5. Bg5 e6 6. e3 Be7 7. Nf3 Nc6 8. a3
O-O 9. Bd3 Bd7 10. Qc2 h6 11. h4 Ng4 12. Bxe7 Qxe7 13. O-O-O Rac8 14. Kb1 a6
15. Qd2 b5 16. Na2 Rb8 17. Nb4 Nxb4 18. axb4 a5 19. bxa5 b4 20. b3 Bb5 21. Ne1
Nf6 22. f3 Qa7 23. Kb2 Qxa5 24. Ra1 Qc7 25. Bxb5 Rxb5 26. Nd3 Rfb8 27. Rhc1 Qd6
28. g4 Nd7 29. g5 h5 30. g6 fxg6 31. Qg2 e5 32. Qg5 exd4 33. exd4 Rf8 34. f4
Qb6 35. Qg1 Ra5 36. Rxa5 Qxa5 37. Ra1 Qc7 38. Nxb4 Qxf4 39. Nc2 Rf6 40. Ra8+
Kh7 41. Ra7 Nb6 42. Qe1 Rf7 43. Rxf7 Qxf7 44. Qg3 Nd7 45. Qc7 Qe6 46. Qc8 Qd6
47. Qd8 Qc6 48. Qe8 Qb5 49. Na3 Qb7 50. Qe7 Qc7 51. Nc2 Qc6 52. Qe8 Qd6 53. Qd8
Qe6 54. Qc8 Qg4 55. Qe8 Nf6 56. Qe1 g5 57. hxg5 Qxg5 58. b4 Ne4 59. Qd1 h4 60.
b5 h3 61. b6 Qh6 62. b7 Qb6+ 63. Kc1 h2 64. Qh1 Qh6+ 65. Kb2 Nf2 66. Qxd5 Qb6+
67. Kc3 Qc7+ 68. Kd2 h1=Q 69. Qf5+ g6 70. Qxf2 Qcxb7 71. Ke2 Qhg2 72. Qxg2
Qxg2+ 73. Kd3 g5 74. Ne3 Qf3 75. d5 Kg8 76. Kd4 g4 77. Nc4 g3 78. d6 g2 0-1

[Event "TOP 12 Fem - Montpellier/Naujac"]
[Site "SARTROUVILLE"]
[Date "12.02.12"]
[Round "2.4"]
[White "Franc, Nathalie"]
[Black "Armas, Lena"]
[Result "1-0"]
[WhiteElo "2005"]
[BlackElo "1857"]
[PlyCount "37"]
[EventDate "12.??.??"]
[WhiteTeam "Montpellier"]
[BlackTeam "Naujac"]

1. e4 d5 2. exd5 Qxd5 3. Nc3 Qd6 4. d4 a6 5. Be2 Nf6 6. Nf3 Bg4 7. Be3 e6 8.
Qd2 Nc6 9. O-O-O O-O-O 10. Rhe1 h6 11. Bf4 Qd7 12. Qe3 Bb4 13. Ne5 Nxe5 14.
dxe5 Nd5 15. Qa7 Qc6 16. Nxd5 Rxd5 17. Rxd5 Qxd5 18. Rd1 Bc5 19. Qa8+ 1-0

[Event "TOP 12 Fem - Mulhouse/JEEN"]
[Site "SARTROUVILLE"]
[Date "12.02.12"]
[Round "2.1"]
[White "Choisy, Mathilde"]
[Black "Gatine, Aurelia"]
[Result "1-0"]
[WhiteElo "2188"]
[BlackElo "1983"]
[PlyCount "77"]
[EventDate "12.??.??"]
[WhiteTeam "Mulhouse Philidor"]
[BlackTeam "J.E.E.N."]

1. e4 c5 2. b3 e5 3. Bb2 Nc6 4. f4 d6 5. Nf3 Nf6 6. Nc3 a6 7. fxe5 dxe5 8. Bc4
Bg4 9. O-O Qc7 10. Nd5 Nxd5 11. Bxd5 f6 12. Bxc6+ Qxc6 13. d3 Bxf3 14. Qxf3
O-O-O 15. Kh1 h5 16. a3 Be7 17. Qf5+ Qd7 18. Qg6 Qg4 19. Qf7 Rd7 20. Rf3 h4 21.
h3 Qh5 22. Qxg7 Bd8 23. Qg4 Qxg4 24. hxg4 Rg7 25. Raf1 Rxg4 26. Bc1 Rhg8 27.
R1f2 Kd7 28. Be3 Kc6 29. Kg1 b5 30. c4 a5 31. cxb5+ Kxb5 32. Kf1 Be7 33. Rc2 a4
34. bxa4+ Kxa4 35. Rc4+ Kxa3 36. Rf2 h3 37. Bc1+ Kb3 38. Rb2+ Ka3 39. Rb7+ 1-0

[Event "TOP 12 Fem - JEEN/Mulhouse"]
[Site "SARTROUVILLE"]
[Date "12.02.12"]
[Round "2.2"]
[White "Chauvin, Stephanie"]
[Black "Richard, Emma"]
[Result "1/2-1/2"]
[WhiteElo "1892"]
[BlackElo "2071"]
[PlyCount "59"]
[EventDate "12.??.??"]
[WhiteTeam "J.E.E.N."]
[BlackTeam "Mulhouse Philidor"]

1. e4 c5 2. Nf3 Nc6 3. d4 cxd4 4. Nxd4 e5 5. Nb5 d6 6. N1c3 a6 7. Na3 b5 8. Nd5
Nge7 9. Be3 Nxd5 10. Qxd5 Bd7 11. Qd2 Be7 12. Be2 O-O 13. O-O Rc8 14. f4 exf4
15. Bxf4 Be6 16. c3 d5 17. exd5 Bxd5 18. Nc2 Bc5+ 19. Kh1 Ne7 20. Nd4 Bxd4 21.
Qxd4 Nf5 22. Qf2 Nh4 23. Rg1 Ng6 24. Rgd1 Re8 25. Bg3 Qg5 26. Rd4 Be6 27. Rad1
h6 28. h4 Qc5 29. Bd6 Qa7 30. h5 1/2-1/2

[Event "TOP 12 Fem - Mulhouse/JEEN"]
[Site "SARTROUVILLE"]
[Date "12.02.12"]
[Round "2.3"]
[White "Haussernot, Cecile"]
[Black "Blangez, Claire"]
[Result "1-0"]
[WhiteElo "1987"]
[BlackElo "1680"]
[PlyCount "45"]
[EventDate "12.??.??"]
[WhiteTeam "Mulhouse Philidor"]
[BlackTeam "J.E.E.N."]

1. e4 e5 2. Nf3 Nc6 3. Bb5 d6 4. c3 Bd7 5. d4 exd4 6. cxd4 g6 7. O-O Bg7 8. Nc3
Nge7 9. Be3 O-O 10. Ne2 f5 11. exf5 Rxf5 12. Bc4+ d5 13. Bb3 Na5 14. Bc2 Rf8
15. Ne5 Bf5 16. Ng3 Bxc2 17. Qxc2 Nec6 18. f4 Bh8 19. f5 Nxe5 20. dxe5 gxf5 21.
Rxf5 Rxf5 22. Qxf5 Qf8 23. Qg5+ 1-0

[Event "TOP 12 Fem - JEEN/Mulhouse"]
[Site "?"]
[Date "2011.02.12"]
[Round "2.4"]
[White "Onkoud, Houda"]
[Black "Sidibe, Malika"]
[Result "0-1"]
[WhiteElo "1320"]
[BlackElo "1868"]
[PlyCount "58"]
[EventDate "2011.02.13"]
[SourceDate "2011.02.13"]

1. d4 Nf6 2. Bf4 e6 3. e3 d5 4. c3 c5 5. Nf3 cxd4 6. Nxd4 Nbd7 7. Bd3 e5 8.
Bxe5 Nxe5 9. Bb5+ Bd7 10. Bxd7+ Qxd7 11. O-O Bd6 12. Nd2 O-O 13. N2f3 Rfe8 14.
Qc2 Nxf3+ 15. Nxf3 Qe6 16. Nd4 Qe5 17. g3 Qh5 18. Nf3 Qxf3 19. Rad1 Re5 20. Qb3
b6 21. Rd4 Rh5 22. Qb5 Rc8 23. Rfd1 Bxg3 24. fxg3 Qxe3+ 25. Kf1 Rxh2 26. Rf4
Rh1+ 27. Kg2 Rxd1 28. Qa6 Rg1+ 29. Kh2 Qxg3# 0-1

[Event "TOP 12 Fem - Cannes/Guingamp"]
[Site "?"]
[Date "2011.02.12"]
[Round "2.1"]
[White "Lahno, Kateryna"]
[Black "Le Diouron, Aurelie"]
[Result "1-0"]
[WhiteElo "2518"]
[BlackElo "1992"]
[PlyCount "79"]
[EventDate "2011.??.??"]

1. e4 e5 2. Nf3 Nf6 3. Nc3 Bb4 4. Nxe5 O-O 5. Be2 Re8 6. Nd3 Bxc3 7. dxc3 Nxe4
8. O-O b6 9. Nf4 Bb7 10. Bf3 d5 11. Re1 Na6 12. Be3 c5 13. Qd3 Nc7 14. c4 d4
15. Bd2 f5 16. Nh5 g6 17. Ng3 Qh4 18. Re2 Re5 19. Rae1 Rae8 20. c3 Rd8 21. cxd4
Rxd4 22. Qa3 Na6 23. Bc3 Rd3 24. Bxe5 Rxa3 25. bxa3 Qd8 26. Nxe4 Bxe4 27. Bxe4
fxe4 28. Rxe4 Nc7 29. Bxc7 Qxc7 30. Re8+ Kf7 31. R8e7+ Qxe7 32. Rxe7+ Kxe7 33.
f4 Kd6 34. a4 Ke6 35. g4 h5 36. h3 Kf6 37. Kf2 a6 38. Ke3 hxg4 39. hxg4 Ke6 40.
Ke4 1-0

[Event "TOP 12 Fem -Guingamp/Cannes"]
[Site "?"]
[Date "2011.02.12"]
[Round "2.2"]
[White "Le Bail, Arielle"]
[Black "Leconte, Maria"]
[Result "0-1"]
[WhiteElo "1879"]
[BlackElo "2310"]
[PlyCount "52"]
[EventDate "2011.??.??"]
[SourceDate "2011.02.12"]

1. d4 Nf6 2. c4 e6 3. Nc3 Bb4 4. e3 O-O 5. Bd3 d5 6. Nge2 c5 7. O-O Nc6 8. cxd5
exd5 9. a3 Bxc3 10. Nxc3 c4 11. Bc2 Re8 12. b4 cxb3 13. Bxb3 Bg4 14. Qd3 Rc8
15. Bd2 Na5 16. Ba4 Re6 17. Rfb1 a6 18. f3 Bh5 19. e4 b5 20. Nxb5 axb5 21. Rxb5
Nc4 22. Bg5 Bg6 23. Re1 Rd6 24. Bxf6 gxf6 25. Qe2 dxe4 26. Bb3 Rxd4 0-1

[Event "TOP 12 Fem - Cannes/Guingamp"]
[Site "?"]
[Date "2011.02.12"]
[Round "2.3"]
[White "Bensdorp, Marlies"]
[Black "Le Chequier, Laetitia"]
[Result "1-0"]
[WhiteElo "2269"]
[BlackElo "1590"]
[PlyCount "61"]
[EventDate "2011.??.??"]

1. d4 d5 2. c4 c6 3. Nf3 Nf6 4. e3 Bg4 5. h3 Bf5 6. Nc3 Nbd7 7. cxd5 cxd5 8.
Qb3 Nb6 9. Bb5+ Bd7 10. Ne5 e6 11. Bd3 Be7 12. O-O O-O 13. Bd2 Rc8 14. Rac1 Be8
15. f4 Nfd7 16. Nb5 Nxe5 17. fxe5 a6 18. Nc3 Nc4 19. Qc2 Qb6 20. Bxh7+ Kh8 21.
Bd3 Bg5 22. Bxc4 Rxc4 23. b3 Rc8 24. Qd1 Qd8 25. Kh1 Bh6 26. e4 dxe4 27. Bxh6
gxh6 28. Rf6 Rg8 29. Qd2 Rg6 30. Rxg6 fxg6 31. Qxh6+ 1-0

[Event "TOP 12 Fem - Guingamp/Cannes"]
[Site "?"]
[Date "2011.02.12"]
[Round "2.4"]
[White "Guinard, Charline"]
[Black "Verot, Melanie"]
[Result "0-1"]
[WhiteElo "1545"]
[BlackElo "2117"]
[PlyCount "81"]
[EventDate "2011.??.??"]
[SourceDate "2011.02.12"]

1. d4 d5 2. c4 e6 3. Nf3 c5 4. e3 Nf6 5. Nc3 a6 6. a4 Nc6 7. Be2 Be7 8. O-O O-O
9. b3 Qa5 10. Bd2 Qc7 11. Qb1 Rd8 12. Bd3 dxc4 13. Bxc4 cxd4 14. exd4 Nxd4 15.
Nxd4 Rxd4 16. Rd1 Ng4 17. g3 Qc5 18. Be1 Nf6 19. Ra2 e5 20. Be2 Be6 21. Bf3
Rad8 22. Bxb7 Qb6 23. Be4 Rxd1 24. Nxd1 Nxe4 25. Qxe4 Rxd1 26. Qxe5 Bb4 27. Re2
Bxe1 28. Rxe1 Rxe1+ 29. Qxe1 Qxb3 30. Qa5 Qd1+ 31. Kg2 Qd5+ 32. Qxd5 Bxd5+ 33.
f3 a5 34. Kf2 Bc6 35. Ke2 Bxa4 36. Kd2 Bb3 37. Kc1 a4 38. Kb2 Kf8 39. Ka3 Ke7
40. h4 Ke6 41. g4 0-1

[Event "TOP 12 Fem - Guingamp/Naujac"]
[Site "SARTROUVILLE"]
[Date "12.02.13"]
[Round "3.1"]
[White "Le Diouron, Aurelie"]
[Black "Armas, Lara-Maria"]
[Result "0-1"]
[WhiteElo "1992"]
[BlackElo "1985"]
[Annotator "Joelle,Microsoft"]
[PlyCount "72"]
[EventDate "12.??.??"]
[WhiteTeam "Guingamp"]
[BlackTeam "Naujac"]

1. d4 Nf6 2. Nc3 d5 3. e4 Nxe4 4. Nxe4 dxe4 5. f3 exf3 6. Nxf3 e6 7. Bc4 Be7 8.
O-O O-O 9. Ne5 Nc6 10. Nxc6 bxc6 11. Be3 Rb8 12. Qh5 Bf6 13. c3 Ra8 14. Rf3 g6
15. Qh6 Bg7 16. Qf4 Qd6 17. Qh4 h5 {(=)} 18. Bg5 Re8 19. Raf1 f5 20. Rg3 Kh7
21. Bf6 Qf8 22. Bxg7 Qxg7 23. Re1 Bd7 24. Rge3 Re7 25. Qf4 Rae8 26. Qxc7 Bc8
27. Qxc6 Bb7 28. Qd6 Be4 29. Bd3 Bxd3 30. Rxd3 e5 31. dxe5 Rxe5 32. Rxe5 Rxe5
33. Qd4 Qe7 34. Rd2 Re4 35. Qd5 Re1+ 36. Kf2 Qe3# 0-1

[Event "TOP 12 Fem - Naujac/Guingamp"]
[Site "SARTROUVILLE"]
[Date "12.02.13"]
[Round "3.2"]
[White "Zickelbein, Eva-Maria"]
[Black "Le Bail, Arielle"]
[Result "1-0"]
[WhiteElo "2056"]
[BlackElo "1879"]
[PlyCount "69"]
[EventDate "12.??.??"]
[WhiteTeam "Naujac"]
[BlackTeam "Guingamp"]

1. f4 d5 2. Nf3 Nf6 3. e3 c5 4. b3 g6 5. Bb2 Bg7 6. Bb5+ Bd7 7. Qe2 a6 8. Bxd7+
Nbxd7 9. Ne5 Qc7 10. d3 O-O 11. Nd2 Rfd8 12. O-O d4 13. Nxd7 Rxd7 14. e4 h5 15.
e5 Nd5 16. e6 Rd6 17. exf7+ Kxf7 18. Ne4 Kg8 19. Nxd6 Qxd6 20. Rae1 Ne3 21. Rf3
Rf8 22. Rxe3 dxe3 23. Bxg7 Kxg7 24. Qxe3 Rf7 25. g3 b6 26. Qe6 Qd4+ 27. Kg2 Qc3
28. Re2 b5 29. Qxa6 e5 30. Qd6 exf4 31. gxf4 Qb4 32. Qe5+ Kh7 33. Qe4 Rxf4 34.
Qxb4 Rxb4 35. Re4 1-0